Analyse des données en marketing, en management et en sciences sociales : conceptualisation et applications

Saved in:
Bibliographic Details
Main Author: Croutsche, Jean-Jacques
Format: Book
Language:French
Published: Paris Editions ESKA 2009
Series:Marketing et communication
Subjects:
Tags: Add Tag
No Tags, Be the first to tag this record!

MARC

LEADER 00000nam a2200000 4500
001 0124902
005 20231215114818.7
020 |a 978-2-7472-1459-9 
041 0 |a fre 
044 |a FR 
245 1 0 |a Analyse des données en marketing, en management et en sciences sociales : conceptualisation et applications  |c Jean-Jacques Croutsche 
264 1 |a Paris  |b Editions ESKA  |c 2009 
300 |a 647 s. 
490 1 |a Marketing et communication 
830 0 |a Marketing et communication 
610 2 0 |a analýza ekonomická 
610 2 0 |a analýza štatistická 
610 2 0 |a analýza štatistická viacrozmerná 
610 2 0 |a pravdepodobnosť 
610 2 0 |a modelovanie 
610 2 0 |a údaje štatistické 
610 2 0 |a marketing 
610 2 0 |a manažment 
610 2 0 |a sociológia 
100 1 |a Croutsche, Jean-Jacques